| 000 | 01179cam a22003374a 4500 | ||
|---|---|---|---|
| 999 |
_c21337 _d21337 |
||
| 001 | 13003070 | ||
| 003 | BDDh-ASL | ||
| 005 | 20231015030004.0 | ||
| 008 | 021115s2003 mdu b 001 0 eng | ||
| 010 | _a 2002043608 | ||
| 020 | _a1590080157 (pbk.) | ||
| 040 |
_aDLC _cDLC _dDLC _dBDDh-ASL |
||
| 042 | _apcc | ||
| 043 |
_an-us--- _aa-is--- |
||
| 050 | 0 | 0 |
_aBT82.2 _b.H34 2003 |
| 082 | 0 | 0 |
_a277.3083 _221 _bHAF |
| 100 | 1 | _aHalsell, Grace. | |
| 245 | 1 | 0 |
_aForcing God's hand : _bwhy millions pray for a quick rapture--and destruction of planet earth / _cGrace Halsell. |
| 250 | _aRev. and enl. ed. | ||
| 260 |
_aBeltsville, Md. : _bAmana Publications, _c2003. |
||
| 300 |
_aviii, 164 p. ; _c23 cm. |
||
| 504 | _aIncludes bibliographical references (p. 157-159) and index. | ||
| 650 | 0 | _aFundamentalism. | |
| 650 | 0 | _aChristian Zionism. | |
| 650 | 0 | _aEnd of the world. | |
| 651 | 0 |
_aUnited States _xRelations _zIsrael. |
|
| 651 | 0 |
_aIsrael _xRelations _zUnited States. |
|
| 906 |
_a7 _bcbc _corignew _d1 _eocip _f20 _gy-gencatlg |
||
| 942 |
_2ddc _cBK |
||